书目信息 |
| 题名: |
楷书技法大字帖·多宝塔碑
|
|
| 作者: | 施志伟 编著 ;池劳荣 撰文 | |
| 分册: | ||
| 出版信息: | 北京 北京体育大学出版社 2012 |
|
| 页数: | 64页 | |
| 开本: | 38cm | |
| 丛书名: | ||
| 单 册: | ||
| 中图分类: | J292.113.3 | |
| 科图分类: | ||
| 主题词: | 楷书--书法--中国--教材 , 楷书 , 书法 | |
| 电子资源: | ||
| ISBN: | 978-7-5644-0910-4 | |
| 000 | 00884nam0 2200289 450 | |
| 001 | 005882046 | |
| 005 | 20130608091334.09 | |
| 010 | @a978-7-5644-0910-4@dCNY20.00 | |
| 035 | @a005882046 | |
| 100 | @a20120713d2012 em y0chiy0110 ea | |
| 101 | 0 | @achi |
| 102 | @aCN@b110000 | |
| 105 | @ay z 000yy | |
| 106 | @ad | |
| 200 | 1 | @a楷书技法大字帖·多宝塔碑@9kai shu ji fa da zi tie · duo bao ta bei@f施志伟编著@g池劳荣[等]撰文 |
| 210 | @a北京@c北京体育大学出版社@d2012 | |
| 215 | @a64页@d38cm | |
| 300 | @a中国书法技法基础教程·集字精练 | |
| 330 | @a本书以原碑帖中范字为编写基础,着重精讲了临习过程中要注意的技法要求。 | |
| 606 | 0 | @a楷书@x书法@y中国@j教材 |
| 606 | 0 | @a楷书 |
| 606 | 0 | @a书法 |
| 690 | @aJ292.113.3@v5 | |
| 701 | 0 | @a施志伟@9shi zhi wei@c(书法)@4编著 |
| 702 | 0 | @a池劳荣@9chi lao rong@4撰文 |
| 801 | 0 | @aCN@bNLC@c20121006 |
| 905 | @dJ292.113.3@e519 | |
| 楷书技法大字帖·多宝塔碑/施志伟编著/池劳荣[等]撰文.-北京:北京体育大学出版社,2012 |
| 64页;38cm |
| 中国书法技法基础教程·集字精练 |
| ISBN 978-7-5644-0910-4:CNY20.00 |
| 本书以原碑帖中范字为编写基础,着重精讲了临习过程中要注意的技法要求。 |
| ● |
| 相关链接 |
|
|
|
|
正题名:楷书技法大字帖·多宝塔碑
索取号:J292.113.3/519
 
预约/预借
| 序号 | 登录号 | 条形码 | 馆藏地/架位号 | 状态 | 备注 |
| 1 | 0543885 | 205438855 | 第一样本阅览室/ [索取号:J292.113.3/519] | 在馆 | |
| 2 | 0543886 | 205438864 | 密集书库-美术系/ [索取号:J292.113.3/519] | 在馆 | |
| 3 | 0543887 | 205438873 | 美术系资料室/ [索取号:J292.113.3/519] | 在馆 | |
| 4 | 0543888 | 205438882 | 密集书库-美术系/ [索取号:J292.113.3/519] | 在馆 | |
| 5 | 0543889 | 205438891 | 美术系资料室/ [索取号:J292.113.3/519] | 在馆 |